00357nam a2200133Ia 4500008004100000020001500041041001200056082001600068100001800084245008000102260002500182300000800207650000800215221030s9999 xx 000 0 und d a0070474281 aEnglish a105.23bPee aP. Z. Peebles 0aProbability, Random Variables, & Random Signal Principlescby P. Z. Peebles bTMHaNew Delhic2004 a462 aECE